Names for Groups of Animals - Statistics

General Stats
  • This quiz has been taken 195 times
  • The average score is 4 of 24
Answer Stats
Picture Hint Answer % Correct
____ of Wolves Pack
97%
______ of Crows Murder
71%
____ of Frogs Army
25%
_____ of Porcupines Prickle
24%
___ of Oysters Bed
17%
_______ of Cheetahs Coalition
17%
_____ of Beetles Swarm
15%
_____ of Sharks Shiver
13%
___ of Emus Mob
12%
____ of Hedgehogs Array
11%
___________ of Alligators Congregation
11%
____ of Toads Knot
11%
_____ of Cobras Quiver
11%
______ of Chinchillas Colony
9%
___ of Sea Otters Raft
9%
_____ of Moles Labor
8%
_________ of Ladybugs Loveliness
8%
______ of Wombats Wisdom
8%
____ of Spoonbills Bowl
7%
_____ of Stingrays Fever
6%
_______ of Cockroaches Intrusion
5%
____ of Lobsters Risk
5%
________ of Salamanders Maelstrom
4%
____ of Prairie Dogs Town
4%
No matching quizzes found
Score Distribution
Percent of People with Each Score
Percentile by Number Answered
Your Score History
You have not taken this quiz